000 00432ntaaa2200169 4500
003 01
005 20251027202623.0
008 0714s1973 ag 01
040 _aAR-BaBN
_bspa
_cAR-BaBN
_eaacr
_dRIC
082 _a371.0000 G16
245 _aPedagogía
250 _a1 ed.
260 _as.l.,
_cs.f.
500 _aEste ejemplar está incompleto; le falta las primeras 81 páginas
700 _aGarcía Santos, A
_925499
942 _cBK
999 _c21347
_d21347